Исследование кинетических закономерностей процесса электрохимического окисления кадмия и меди в растворах хлорида аммония; Химия и химическая технология в XXI веке; Т. 1

Bibliografski detalji
Parent link:Химия и химическая технология в XXI веке: материалы XIV Всероссийской научно-практической конференции имени профессора Л.П. Кулёва студентов и молодых ученых с международным участием, Томск, 13-16 мая 2013 г/ Национальный исследовательский Томский политехнический университет (ТПУ); Институт природных ресурсов (ИПР) ; Институт физики высоких технологий (ИФВТ) ; Физико-технический институт (ФТИ).— , 2013
Т. 1.— 2013.— [С. 24-26]
Glavni autor: Долинина А. С. Алеся Сергеевна
Autor kompanije: Национальный исследовательский Томский политехнический университет (ТПУ) Институт природных ресурсов (ИПР) Кафедра общей химической технологии (ОХТ)
Daljnji autori: Балмашнов М. А. Михаил Александрович (научный руководитель), Усольцева Н. В. Наталья Васильевна, Коробочкин В. В. Валерий Васильевич
Sažetak:Заглавие с титульного экрана
Jezik:ruski
Izdano: 2013
Serija:Химия и химическая технология неорганических веществ и материалов
Teme:
Online pristup:http://www.lib.tpu.ru/fulltext/c/2013/C27/V1/011.pdf
Format: MixedMaterials Elektronički Poglavlje knjige
KOHA link:https://koha.lib.tpu.ru/cgi-bin/koha/opac-detail.pl?biblionumber=241688

MARC

LEADER 00000naa2a2200000 4500
001 241688
005 20251217130143.0
035 |a (RuTPU)RU\TPU\book\262974 
035 |a RU\TPU\book\262972 
090 |a 241688 
100 |a 20130816d2013 k y0rusy50 ca 
101 0 |a rus 
102 |a RU 
135 |a drcn ---uucaa 
181 0 |a i  
182 0 |a b 
200 1 |a Исследование кинетических закономерностей процесса электрохимического окисления кадмия и меди в растворах хлорида аммония  |f А. С. Долинина, М. А. Балмашнов, Н. В. Усольцева  |g науч. рук. В. В. Коробочкин 
203 |a Текст  |c электронный 
225 1 |a Химия и химическая технология неорганических веществ и материалов 
300 |a Заглавие с титульного экрана 
320 |a [Библиогр.: с. 26 (1 назв.)] 
337 |a Adobe Reader 
461 1 |0 (RuTPU)RU\TPU\book\259433  |t Химия и химическая технология в XXI веке  |o материалы XIV Всероссийской научно-практической конференции имени профессора Л.П. Кулёва студентов и молодых ученых с международным участием, Томск, 13-16 мая 2013 г  |o в 2 т.  |f Национальный исследовательский Томский политехнический университет (ТПУ); Институт природных ресурсов (ИПР) ; Институт физики высоких технологий (ИФВТ) ; Физико-технический институт (ФТИ)  |d 2013 
463 1 |0 (RuTPU)RU\TPU\book\259435  |t Т. 1  |v [С. 24-26]  |d 2013 
610 1 |a труды учёных ТПУ 
610 1 |a электронный ресурс 
610 1 |a кинетические закономерности 
610 1 |a электрохимическое окисление 
610 1 |a кадмий 
610 1 |a медь 
610 1 |a хлорид аммония 
700 1 |a Долинина  |b А. С.  |g Алеся Сергеевна  |f 1987-  |c химик-технолог  |c доцент, ведущий эксперт Томского политехнического университета, кандидат технических наук  |3 (RuTPU)RU\TPU\pers\31145  |9 15341 
701 1 |a Балмашнов  |b М. А.  |c химик-технолог  |c доцент Томского политехнического университета, кандидат технических наук  |f 1982-  |g Михаил Александрович  |3 (RuTPU)RU\TPU\pers\24855  |9 11059 
701 1 |a Усольцева  |b Н. В.  |c химик-технолог  |c инженер Томского политехнического университета  |f 1985-  |g Наталья Васильевна  |3 (RuTPU)RU\TPU\pers\27928  |9 12931 
702 1 |a Коробочкин  |b В. В.  |c российский химик-технолог  |c заведующий кафедрой Томского политехнического университета, доктор технических наук  |f 1951-  |g Валерий Васильевич  |3 (RuTPU)RU\TPU\pers\27915  |4 727 
712 0 2 |a Национальный исследовательский Томский политехнический университет (ТПУ)  |b Институт природных ресурсов (ИПР)  |b Кафедра общей химической технологии (ОХТ)  |3 (RuTPU)RU\TPU\col\18654 
801 2 |a RU  |b 63413507  |c 20140404  |g RCR 
856 4 |u http://www.lib.tpu.ru/fulltext/c/2013/C27/V1/011.pdf 
942 |c CF